• 首页
  • 本馆介绍
  • 公告通知
  • 最新文献
  • 馆藏检索
  • 电子资源
  • 读者导购
  • 参考咨询
  • 我的图书馆
  • 登录
  • 详细信息显示
  • 放入我的书架
  • 预约/预借图书
  • 作者相关作品
  • 分类相关作品
  • 丛书相关作品
  • 出版社相关作品

书目信息

  • 表格格式
  • 工作单格式
  • 卡片格式
题名:
几何证题法
    
 
作者: 严济慈 编著
分册:  
出版信息: 北京   高等教育出版社  1982
页数: 157页
开本: 19cm
丛书名:
单 册:
中图分类: O181-44 , O18
科图分类:
主题词: 高等几何--解题 , 几何 , 拓扑
电子资源:
ISBN:
000 00701nam0 2200277 45
001 0182000885
005 20040524164559.9
010    @dCNY1.00
091    @a13010.0824
100    @a19950628d1982 em y0chiy0121 ea
101 0  @achi
102    @aCN@b110000
105    @ay q 000yy
106    @ar
200 10 @a几何证题法@Aji he zheng ti fa@f严济慈编著
210    @a北京@c高等教育出版社@d1982
215    @a157页@d19cm
606    @a高等几何@x解题
606 0  @a几何
606 0  @a拓扑
690    @aO181-44@v3
690    @aO18
701  0 @a严济慈@Ayan ji ci@4编著
801  0 @aCN@b上海图书馆@c20040524
801  2 @aCN@bNLC@c20040524
905    @f2@b100189-190@f1@b100187@f1@b100188@dO18@e2
    
    几何证题法/严济慈编著.-北京:高等教育出版社,1982
    157页;19cm
    
    
    ISBN :CNY1.00
    
●
相关链接 在E读中查询图书 在五车中查询图书 在当当中查询图书 在豆瓣中查询图书


正题名:几何证题法     索取号:O18/2         预约/预借

序号 登录号 条形码 馆藏地/架位号 状态 备注
1 0100187   000400738   密集书库/ [索取号:O18/2] 在馆    
2 0100188   000400701   第三借阅区/ [索取号:O18/2] 在馆    
3 0100189   000400774   密集书库/ [索取号:O18/2] 在馆    
4 0100190   000400694   密集书库/ [索取号:O18/2] 在馆    
5 0100191   202089774   第二样本阅览室/ [索取号:O18/2] 在馆    
唐山师范学院图书馆 欢迎您!
大连网信软件有限公司© 版权所有